Living beings: perspectives on interspecies engagements (Record no. 49394)

MARC details
000 -LEADER
fixed length control field 02602nam a2200313 a 4500
001 - CONTROL NUMBER
control field 17877761
008 - FIXED-LENGTH DATA ELEMENTS--GENERAL INFORMATION
fixed length control field 181003s2013 ||||||||||||||||| || u
010 ## - LIBRARY OF CONGRESS CONTROL NUMBER
LC control number 2013035918
020 ## - INTERNATIONAL STANDARD BOOK NUMBER
International Standard Book Number 9780857858429
020 ## - INTERNATIONAL STANDARD BOOK NUMBER
International Standard Book Number 0857858416 (HB)
020 ## - INTERNATIONAL STANDARD BOOK NUMBER
International Standard Book Number 9780857858429 (PB)
020 ## - INTERNATIONAL STANDARD BOOK NUMBER
International Standard Book Number 0857858424 (PB)
050 ## - LIBRARY OF CONGRESS CALL NUMBER
Classification number QL 85 Liv
100 ## - MAIN ENTRY--PERSONAL NAME
Personal name Dransart, Penelope
245 10 - TITLE STATEMENT
Title Living beings: perspectives on interspecies engagements
Statement of responsibility, etc. edited by Penelope Dransart
260 ## - PUBLICATION, DISTRIBUTION, ETC.
Place of publication, distribution, etc. London:
Name of publisher, distributor, etc. Bloomsbury Academic
Date of publication, distribution, etc. 2013
300 ## - PHYSICAL DESCRIPTION
Extent viii, 347 pages : illustrations
336 ## - CONTENT TYPE
Content type term text
Source rdacontent
337 ## - MEDIA TYPE
Media type term unmediated
Source rdamedia
338 ## - CARRIER TYPE
Carrier type term volume
Source rdacarrier
350 ## - PRICE (NR) (BK AM CF MU VM SE) [OBSOLETE]
Price 37.95
490 ## - SERIES STATEMENT
Series statement ASA monographs
490 ## - SERIES STATEMENT
Volume/sequential designation 50
500 ## - GENERAL NOTE
General note "The chapters in this book are based on a selection of papers presented at the 2011 annual conference of the Association of Social Anthropologists of the United Kingdom and the Commonwealth (ASA), which met in Lampter, Wales, under the title 'Vital Powers and Politics : Human Interactions with Living Things'"--Preface. Includes bibliographical references and index.
505 ## - FORMATTED CONTENTS NOTE
Formatted contents note Living beings and vital powers : an introduction / Penelope Dransart -- Being together with animals : death, violence and noncruelty in Hindu imagination / Veena Das -- The nature of nature in Ramon Llull / Sarah Jane Boss -- The tree of Gernika : political poetics of rootedness and belonging / Safet HadéziMuhamedoviâc -- Bringing the forest to the city : spaces imagined in Israeli sacred song circles / Ronit Grossman-Horesh -- Sensuous photographies : living things explored through phenomenological practice / Carole Baker -- The field : an art experiment in Levinasian ethics / Alana Jelinek, with Juliette Brown -- Hunting the wild 'other' to become a man : wildlife tourism and the modern identity crisis in Israeli safaris to East Africa / Rachel Ben-David -- Becoming-animal in the Chinese martial arts / D.S. Farrer -- Moral issues in engagements between animals and the environment / Anthropomorphism, anthropocentrism and the study of language in primates / David Cockburn -- Dressed in furs : clothing and Yaghan multispecies engagements in Tierra del Fuego / Penelope Dransart -- Appendix: Modes of being and destinies of living beings in a Mexican book of fate / Penelope Dransart.
650 #0 - SUBJECT ADDED ENTRY--TOPICAL TERM
Topical term or geographic name entry element HUMAN-ANIMAL RELATIONSHIPS--CASE STUDIES
650 #0 - SUBJECT ADDED ENTRY--TOPICAL TERM
Topical term or geographic name entry element HUMAN-PLANT RELATIONSHIPS--CASE STUDIES
995 ## - RECOMMENDATION 995 [LOCAL, UNIMARC FRANCE]
-- CBU-MAIN LIBRARY (Kitwe)
-- 37.95
-- 1
-- AVAILABLE
-- Oct 3, 2018
-- Annex Low-Usage Collection
Holdings
Withdrawn status Lost status Source of classification or shelving scheme Damaged status Not for loan Home library Current library Shelving location Date acquired Total Checkouts Full call number Barcode Date last seen Price effective from Koha item type
          CBU-MAIN LIBRARY, KITWE. CBU-MAIN LIBRARY, KITWE.   11/30/2022   QL 85 Liv 748513 11/30/2022 11/30/2022 MONOGRAPH